|
|
|
|
| LEADER |
01345nam a2200277 u 4500 |
| 001 |
10117093 |
| 003 |
upatras |
| 005 |
20250123100810.0 |
| 008 |
150728s2012 gr gre |
| 020 |
|
|
|a 9789604843770
|
| 040 |
|
|
|a GR-PaULI
|c GR-PaULI
|
| 041 |
0 |
|
|a gre
|
| 082 |
0 |
4 |
|a 305.5
|
| 100 |
1 |
|
|a Stiglitz, Joseph E.
|d 1943-
|4 aut
|9 10502
|
| 245 |
1 |
0 |
|a Το τίμημα της ανισότητας
|c Joseph E. Stiglitz; μετάφραση: Νίκος Ρούσσος
|
| 260 |
|
|
|a Αθήνα
|b Εκδόσεις Παπαπόπουλος
|c 2012
|
| 300 |
|
|
|a 493 σ.
|c 24 εκ.
|
| 504 |
|
|
|a Περιλαμβάνει βιβλιογραφικές παραπομπές
|
| 650 |
|
4 |
|a Κατανομή εισοδήματος
|x Κοινωνικές απόψεις
|z Ηνωμένες Πολιτείες Αμερικής
|9 145440
|
| 650 |
|
4 |
|a Ισορροπία (Οικονομική)
|z Ηνωμένες Πολιτείες Αμερικής
|9 145441
|
| 700 |
1 |
|
|a Ρούσσος, Νίκος
|4 trl
|9 53252
|
| 852 |
|
|
|a GR-PaULI
|b ΠΑΤΡΑ
|b ΦΙΛΟΣΟΦΙΑ
|k ΑΣΧΕ-4
|h 305.5 STI
|m 10471
|p 025000186595
|t 1
|
| 942 |
|
|
|2 ddc
|c BK15
|
| 952 |
|
|
|0 0
|1 0
|4 0
|6 305_500000000000000_STI
|7 0
|9 182258
|a PHIL
|b PHIL
|d 2016-04-24
|i 10471
|l 0
|o 305.5 STI
|p 025000186595
|r 2016-04-24 00:00:00
|t 1
|w 2016-04-24
|y BK15
|
| 998 |
|
|
|c ΚΑΝΕΛΛΟΠΟΥΛΟΥ
|d 2015-07
|
| 999 |
|
|
|c 112535
|d 112535
|